书目信息 |
| 题名: |
数学建模
|
|
| 作者: | 刘锋 主编 | |
| 分册: | ||
| 出版信息: | 南京 南京大学出版社 2016.11 |
|
| 页数: | 319页 | |
| 开本: | 23cm | |
| 丛书名: | ||
| 单 册: | ||
| 中图分类: | O141.4 | |
| 科图分类: | ||
| 主题词: | 数学模型--高等学校--教材 | |
| 电子资源: | ||
| ISBN: | 978-7-305-17332-5 | |
| 000 | 00872nam0 2200265 450 | |
| 001 | 0120162071414 | |
| 005 | 20170327102517.34 | |
| 010 | @a978-7-305-17332-5@dCNY42.00 | |
| 100 | @a20161215d2016 em y0chiy50 ea | |
| 101 | 0 | @achi |
| 102 | @aCN@b320000 | |
| 105 | @aak z 000yy | |
| 106 | @ar | |
| 200 | 1 | @a数学建模@9shu xue jian mo@f刘锋主编 |
| 205 | @a2版 | |
| 210 | @a南京@c南京大学出版社@d2016.11 | |
| 215 | @a319页@c图@d23cm | |
| 300 | @a高等院校“十三五”规划教材 | |
| 330 | @a本书内容包括数学建模概论、日常生活中的数学模型、微分方程模型、最优化模型、初等概率模型、图论初步及其应用、层次分析法及其应用、Matlab软件简介及应用等八章内容及一个附录。 | |
| 333 | @a高校数学相关师生 | |
| 606 | 0 | @a数学模型@x高等学校@j教材 |
| 690 | @aO141.4@v5 | |
| 701 | 0 | @a刘锋@9liu feng@4主编 |
| 801 | 0 | @aCN@b人天书店@c20161215 |
| 905 | @b982653-56@dO141.4@e105=2@f4 | |
| 数学建模/刘锋主编.-2版.-南京:南京大学出版社,2016.11 |
| 319页:图;23cm |
| 高等院校“十三五”规划教材.-使用对象:高校数学相关师生 |
| ISBN 978-7-305-17332-5:CNY42.00 |
| 本书内容包括数学建模概论、日常生活中的数学模型、微分方程模型、最优化模型、初等概率模型、图论初步及其应用、层次分析法及其应用、Matlab软件简介及应用等八章内容及一个附录。 |
| ● |
| 相关链接 |
|
|
|
|
正题名:数学建模
索取号:O141.4/105=2
 
预约/预借
| 序号 | 登录号 | 条形码 | 馆藏地/架位号 | 状态 | 备注 |
| 1 | 982653 | 209826535 | 第二样本阅览室/ [索取号:O141.4/105=2] | 在馆 | |
| 2 | 982654 | 209826544 | 密集书库-数信学院/ [索取号:O141.4/105=2] | 在馆 | |
| 3 | 982655 | 209826553 | 第三借阅区/ [索取号:O141.4/105=2] | 在馆 | |
| 4 | 982656 | 209826562 | 第三借阅区/ [索取号:O141.4/105=2] | 在馆 |